<?xml version="1.0" encoding="UTF-8"?>
<record
    xmlns:xsi="http://www.w3.org/2001/XMLSchema-instance"
    xsi:schemaLocation="http://www.loc.gov/MARC21/slim http://www.loc.gov/standards/marcxml/schema/MARC21slim.xsd"
    xmlns="http://www.loc.gov/MARC21/slim">

  <leader>00990cam a2200313 i 4500</leader>
  <datafield tag="999" ind1=" " ind2=" ">
    <subfield code="c">7718</subfield>
    <subfield code="d">7718</subfield>
  </datafield>
  <controlfield tag="001">991060172419306706</controlfield>
  <controlfield tag="003">OSt</controlfield>
  <controlfield tag="005">20230419120236.0</controlfield>
  <controlfield tag="008">220216e202201  spc ||||r|||| 000 0 cat|c</controlfield>
  <datafield tag="015" ind1=" " ind2=" ">
    <subfield code="a">LL2022</subfield>
    <subfield code="2">bnc</subfield>
  </datafield>
  <datafield tag="017" ind1=" " ind2=" ">
    <subfield code="a">DL B 1515-2022</subfield>
    <subfield code="b">Biblioteca de Catalunya</subfield>
  </datafield>
  <datafield tag="020" ind1=" " ind2=" ">
    <subfield code="a">9788417925765</subfield>
  </datafield>
  <datafield tag="035" ind1=" " ind2=" ">
    <subfield code="a">(OCoLC)1331524906</subfield>
  </datafield>
  <datafield tag="040" ind1=" " ind2=" ">
    <subfield code="a">ES-GiUDG</subfield>
    <subfield code="b">cat</subfield>
    <subfield code="e">rda</subfield>
    <subfield code="c">CDMR</subfield>
  </datafield>
  <datafield tag="041" ind1="1" ind2=" ">
    <subfield code="a">cat</subfield>
    <subfield code="h">eng</subfield>
  </datafield>
  <datafield tag="080" ind1=" " ind2=" ">
    <subfield code="a">159.955:37.02</subfield>
    <subfield code="2">2004</subfield>
  </datafield>
  <datafield tag="080" ind1=" " ind2=" ">
    <subfield code="a">342.34</subfield>
    <subfield code="2">2004</subfield>
  </datafield>
  <datafield tag="100" ind1="1" ind2=" ">
    <subfield code="a">hooks, bell,</subfield>
  </datafield>
  <datafield tag="245" ind1="1" ind2="0">
    <subfield code="a">Ensenyar pensament cr&#xED;tic /</subfield>
    <subfield code="c">bell hooks ; tradu&#xEF;t per Josefina Caball</subfield>
  </datafield>
  <datafield tag="264" ind1=" " ind2="1">
    <subfield code="a">Barcelona :</subfield>
    <subfield code="b">Raig Verd,</subfield>
    <subfield code="c">2022</subfield>
  </datafield>
  <datafield tag="300" ind1=" " ind2=" ">
    <subfield code="a">216 p&#xE0;gines ;</subfield>
    <subfield code="c">21 cm</subfield>
  </datafield>
  <datafield tag="490" ind1="1" ind2=" ">
    <subfield code="a">Ciclog&#xE8;nesi ;</subfield>
    <subfield code="v">25</subfield>
  </datafield>
  <datafield tag="650" ind1=" " ind2="7">
    <subfield code="a">Pensament cr&#xED;tic</subfield>
    <subfield code="x">Ensenyament.</subfield>
    <subfield code="2">lemac</subfield>
  </datafield>
  <datafield tag="650" ind1=" " ind2="7">
    <subfield code="a">Pensament cr&#xED;tic</subfield>
    <subfield code="x">Difer&#xE8;ncies entre sexes.</subfield>
    <subfield code="2">lemac</subfield>
  </datafield>
  <datafield tag="830" ind1=" " ind2="0">
    <subfield code="a">Ciclog&#xE8;nesi ;</subfield>
    <subfield code="v">25</subfield>
  </datafield>
  <datafield tag="908" ind1=" " ind2=" ">
    <subfield code="a">RS</subfield>
    <subfield code="a">BC</subfield>
    <subfield code="a">UdG</subfield>
    <subfield code="a">GCDGPL</subfield>
    <subfield code="a">UPC</subfield>
    <subfield code="a">GCEDU</subfield>
    <subfield code="a">ICD</subfield>
    <subfield code="a">BAB</subfield>
    <subfield code="a">ESMUC</subfield>
    <subfield code="a">UVic-UCC</subfield>
    <subfield code="a">GCDGPL</subfield>
  </datafield>
  <datafield tag="940" ind1=" " ind2=" ">
    <subfield code="a">UdG</subfield>
    <subfield code="a">GCDSO</subfield>
  </datafield>
  <datafield tag="942" ind1=" " ind2=" ">
    <subfield code="2">udc</subfield>
    <subfield code="c">MON</subfield>
  </datafield>
  <datafield tag="952" ind1=" " ind2=" ">
    <subfield code="0">0</subfield>
    <subfield code="1">0</subfield>
    <subfield code="4">0</subfield>
    <subfield code="7">0</subfield>
    <subfield code="a">CDMR</subfield>
    <subfield code="b">CDMR</subfield>
    <subfield code="d">2023-04-19</subfield>
    <subfield code="e">Donaci&#xF3;</subfield>
    <subfield code="g">19.90</subfield>
    <subfield code="l">0</subfield>
    <subfield code="o">Cg 5/65</subfield>
    <subfield code="p">CDMR22060001</subfield>
    <subfield code="r">2023-04-19</subfield>
    <subfield code="w">2023-04-19</subfield>
    <subfield code="y">MON</subfield>
  </datafield>
</record>
